000 00515nam a22001817a 4500
008 170213b xxu||||| |||| 00| 0 eng d
020 _a9783540251812
082 _a532.05
_bIa6c
100 _aLannelli, J.
245 _aCharacteristics finite elements methods in computational fluid dyanamics
260 _aBerlin:
_bSpringer-Verlag,
_cc2012
300 _avvv, 727p, illus.
504 _aBibliography: p 711-725
650 _aFluid dynamics
650 _aAnalysis
650 _aMechanics
942 _2ddc
_cGEN
999 _c80067
_d80056